India, as seen in the Kuṭṭanī-Mata of Dāmodaragupta / (Record no. 22500)

MARC details
000 -LEADER
fixed length control field 00963cam a2200301 i 4500
001 - CONTROL NUMBER
control field 343175
003 - CONTROL NUMBER IDENTIFIER
control field BDDh-ASL
005 - DATE AND TIME OF LATEST TRANSACTION
control field 20231015030134.0
008 - FIXED-LENGTH DATA ELEMENTS--GENERAL INFORMATION
fixed length control field 760318s1975 ii af b 001 0 eng
010 ## - LIBRARY OF CONGRESS CONTROL NUMBER
LC control number 75907518
020 ## - INTERNATIONAL STANDARD BOOK NUMBER
Terms of availability Rs60.00
040 ## - CATALOGING SOURCE
Original cataloging agency DLC
Transcribing agency DLC
Modifying agency DLC
-- BDDh-ASL
043 ## - GEOGRAPHIC AREA CODE
Geographic area code a-ii---
050 00 - LIBRARY OF CONGRESS CALL NUMBER
Classification number PK3794.D24
Item number K838
082 00 - DEWEY DECIMAL CLASSIFICATION NUMBER
Classification number 954.6021
Item number SHI
100 1# - MAIN ENTRY--PERSONAL NAME
Personal name Shastri, Ajay Mitra.
245 10 - TITLE STATEMENT
Title India, as seen in the Kuṭṭanī-Mata of Dāmodaragupta /
Statement of responsibility, etc. Ajay Mitra Shastri.
250 ## - EDITION STATEMENT
Edition statement 1st ed.
260 ## - PUBLICATION, DISTRIBUTION, ETC.
Place of publication, distribution, etc. Delhi :
Name of publisher, distributor, etc. Motilal Banarasidass,
Date of publication, distribution, etc. 1975.
300 ## - PHYSICAL DESCRIPTION
Extent xviii, 278, xxi p., [11] leaves of plates :
Other physical details ill. ;
Dimensions 22 cm.
500 ## - GENERAL NOTE
General note Includes index.
504 ## - BIBLIOGRAPHY, ETC. NOTE
Bibliography, etc. note Bibliography: [245]-259.
600 00 - SUBJECT ADDED ENTRY--PERSONAL NAME
Personal name Dāmodaragupta,
Dates associated with a name active 779-813.
Title of a work Kuṭṭanīmata.
651 #0 - SUBJECT ADDED ENTRY--GEOGRAPHIC NAME
Geographic name India
General subdivision Civilization
Chronological subdivision To 1200.
700 0# - ADDED ENTRY--PERSONAL NAME
Personal name Dāmodaragupta,
Dates associated with a name active 779-813.
906 ## - LOCAL DATA ELEMENT F, LDF (RLIN)
a 7
b cbc
c orignew
d 4
e ncip
f 19
g y-gencatlg
942 ## - ADDED ENTRY ELEMENTS (KOHA)
Source of classification or shelving scheme Dewey Decimal Classification
Koha item type Books
Holdings
Withdrawn status Lost status Source of classification or shelving scheme Damaged status Not for loan Collection code Home library Current library Shelving location Date acquired Source of acquisition Total Checkouts Full call number Barcode Date last seen Copy number Price effective from Koha item type Public note
    Dewey Decimal Classification     Non-fiction Asiatic Society Library Asiatic Society Library General Stacks 02/28/2021 ASB Library Collections   954.6021 SHI 106766 02/28/2021 C-1 02/28/2021 Books RARE

Powered by Koha